LEADER 00801nam a2200205 i 4500 001 000000106136 003 CaOOAMICUS 005 20221020111351.0 008 020419s2002 gw u000 u ger u 013 $a78330 040 $aSeMil$bita 245 10$aMt 26-28. 300 $aXII, 483 p. 700 1 $aLuz, Ulrich,$d<1938- >.$0(OLS)http://semarc/name/538 773 0 $aLuz, Ulrich <1938- >$tEvangelium nach Matthäus.$dNeukirchen-Vluyn : Neukirchener ; Düsseldorf ; Zürich : Benziger, 1985-2002.$kEKK = Evangelisch-Katholischer Kommentar zum Neuen Testament$g4$w()682 850 $aSeMil 852 $aSeMil$W1$xVenegono$y1$m2YA A 1/4$j256894$B62288$CSeMilBibl$Z2$F71459 $81 961 $aSottoscrizione: Neukirchener 996 $6245$aMt 26-28$9(OLS)http://semarc/title/153855 LEADER 01440nam a2200289 i 4500 001 000000151501 003 CaOOAMICUS 005 20260316104536.0 008 060703s2006 it u000 u spa u 013 $a128839 020 $a88-7653-162-9 040 $aSeMil$bita 100 1 $aCarbajosa, Ignacio,$d<1967- >.$0(OLS)http://semarc/name/59532 245 14$aLas caracteristícas de la versíon siríaca de los Salmos :$b(Sal 90-150 de la Peshitta) /$cIgnacio Carbajosa. 260 $aRoma :$bPontificio Istituto Biblico,$c2006. 300 $a465 p. ;$c24 cm. 490 0 $aAnalecta Biblica : investigationes scientificae in res biblicas ;$v162 650 4$aBibbia. Antico Testamento. Salmi - Commentari, studi, critica, interpretazioni.$0(OLS)http://semarc/subject/289 650 4$aBibbia. Antico Testamento. Salmi - Traduzioni siriache.$0(OLS)http://semarc/subject/29580 830 0$aAnalecta biblica ;$v162.$0(OLS)http://semarc/title/6 850 $aSeMil 852 $aSeMil$W1$xVenegono$y1$m2HA G 162$j268524$B103528$CSeMilBibl$Z2$F112600 $81 961 $aSottoscrizione: Pontificio Istituto Biblico 996 $6020$a88-7653-162-9$9(OLS)http://semarc/number/141092 996 $6245$aLas caracteristícas de la versíon siríaca de los Salmos :$b(Sal 90-150 de la Peshitta)$9(OLS)http://semarc/title/221396 996 $6260$aRoma :$bPontificio Istituto Biblico$9(OLS)http://semarc/publisher/30489